Top Scorer of Every Premier League Team - 2021/22 - Statistics

General Stats
  • This quiz has been taken 99 times
  • The average score is 15 of 20
Answer Stats
Team Answer Goals Country % Correct
Liverpool Mohamed Salah 23 Egypt
96%
Aston Villa Ollie Watkins 11 England
96%
Leicester City Jamie Vardy 15 England
95%
Tottenham Hotspur Son Heung-Min 23 South Korea
95%
Manchester City Kevin De Bruyne 15 Belgium
94%
Arsenal Bukayo Saka 11 England
93%
Manchester United Cristiano Ronaldo 18 Portugal
93%
Crystal Palace Wilfried Zaha 14 Cote D’Ivoire
86%
Leeds United Raphinha 11 Brazil
85%
Wolverhampton Wanderers Raúl Jiménez 6 Mexico
82%
Everton Richarlison 10 Brazil
82%
Norwich City Teemu Pukki 11 Finland
82%
Brentford Ivan Toney 12 England
78%
West Ham United Jarrod Bowen 12 England
72%
Newcastle United Callum Wilson 8 England
69%
Chelsea Mason Mount 11 England
67%
Brighton & Hove Albion Neal Maupay / Leandro Trossard 8 France / Belgium
67%
Southampton James Ward-Prowse 10 England
45%
Watford Emmanuel Dennis 10 Nigeria
34%
Burnley Maxwel Cornet 9 Cote D’Ivoire
34%
No matching quizzes found
Score Distribution
Percent of People with Each Score
Percentile by Number Answered
Your Score History
You have not taken this quiz